Biến động sinh lượng và thành phần dinh dưỡng của rong bún (Enteromorpha sp.) trong một số thủy vực ở Bạc Liêu và Sóc Trăng : Luận văn tốt nghiệp cao học. Ngành nuôi trồng thủy sản
Đề tài khảo sát sự biến động về môi trường và thành phần sinh lượng rong bún (Enteromorpha sp.) ở một số thủy vực khác nhau ở Sóc Trăng và Bạc Liêu. Đánh giá sự biến động thành phần dinh dưỡng của rong bún ở các giai đoạn phát triển kh...
Spremljeno u:
| Glavni autor: | |
|---|---|
| Format: | Knjiga |
| Jezik: | Undetermined |
| Izdano: |
Cần Thơ
Trường Đại học Cần Thơ
2012
|
| Teme: | |
| Oznake: |
Dodaj oznaku
Bez oznaka, Budi prvi tko označuje ovaj zapis!
|
| Thư viện lưu trữ: | Trung tâm Học liệu Trường Đại học Cần Thơ |
|---|
| LEADER | 01372nam a2200229Ia 4500 | ||
|---|---|---|---|
| 001 | CTU_178818 | ||
| 008 | 210402s9999 xx 000 0 und d | ||
| 082 | |a 579.8 | ||
| 082 | |b T305 | ||
| 088 | |a 60620301 | ||
| 100 | |a Nguyễn, Minh Tiến | ||
| 245 | 0 | |a Biến động sinh lượng và thành phần dinh dưỡng của rong bún (Enteromorpha sp.) trong một số thủy vực ở Bạc Liêu và Sóc Trăng : | |
| 245 | 0 | |b Luận văn tốt nghiệp cao học. Ngành nuôi trồng thủy sản | |
| 245 | 0 | |c Nguyễn Minh Tiến ; Nguyễn Thị Ngọc Anh (Cán bộ hướng dẫn) | |
| 260 | |a Cần Thơ | ||
| 260 | |b Trường Đại học Cần Thơ | ||
| 260 | |c 2012 | ||
| 520 | |a Đề tài khảo sát sự biến động về môi trường và thành phần sinh lượng rong bún (Enteromorpha sp.) ở một số thủy vực khác nhau ở Sóc Trăng và Bạc Liêu. Đánh giá sự biến động thành phần dinh dưỡng của rong bún ở các giai đoạn phát triển khác nhau và các độ mặn khác nhau. | ||
| 650 | |a Green algae,Seaweeds,Tảo xanh,Rong biển | ||
| 650 | |x Research,Nghiên cứu | ||
| 904 | |i Năm | ||
| 980 | |a Trung tâm Học liệu Trường Đại học Cần Thơ | ||